| 000 | 004350000a22001810004500 | ||
|---|---|---|---|
| 003 | MACL | ||
| 005 | 20160130151440.0 | ||
| 008 | 160130b xxu||||| |||| 00| 0 eng d | ||
| 040 |
_aMACL _cMACL |
||
| 041 | _aEnglish | ||
| 082 | _a823/DEX | ||
| 100 |
_aDexter, Colin _936054 |
||
| 245 | _aThe Riddle Of The Third Mile | ||
| 260 |
_bPan Books _c1983 _aLondon |
||
| 350 | _a239 | ||
| 650 |
_aFiction _936199 |
||
| 942 |
_cBK _k823/DEX _2ddc |
||
| 999 |
_c31353 _d31353 |
||